[Event "FIN-chT1A 0607"]
[Site "Finland"]
[Date "2006.09.16"]
[Round "1.1"]
[White "Nokso Koivisto, Aki"]
[Black "Kiili, Markus"]
[Result "1/2-1/2"]
[WhiteElo "2178"]
[BlackElo "2183"]
[PlyCount "31"]
[EventDate "2006.09.16"]
[EventType "team-tourn"]
[EventRounds "7"]
[EventCountry "FIN"]
[SourceTitle "EXT 2022"]
[Source "ChessBase"]
[SourceDate "2021.10.06"]
[SourceVersion "1"]
[SourceVersionDate "2021.10.06"]
[SourceQuality "1"]
[WhiteTeam "Turku TS II"]
[BlackTeam "Vantaa Remi"]
[WhiteTeamCountry "FIN"]
[BlackTeamCountry "FIN"]

1. e4 d5 2. exd5 Qxd5 3. Nc3 Qd6 4. d4 Nf6 5. Nf3 a6 6. h3 Nc6 7. Bd3 Nb4 8. 0-0 Nxd3 9. Qxd3 e6 10. Ne5 Be7 11. Bf4 Qd8 12. Rad1 0-0 13. Qf3 Nd5 14. Ne2 Nxf4 15. Nxf4 f6 16. Ng4 1/2-1/2

[Event "FIN-chT1A 0607"]
[Site "Finland"]
[Date "2006.09.??"]
[Round "4.1"]
[White "Jarvela, Jari"]
[Black "Nokso Koivisto, Aki"]
[Result "1-0"]
[WhiteElo "2219"]
[BlackElo "2178"]
[PlyCount "45"]
[EventDate "2006.09.16"]
[EventType "team-tourn"]
[EventRounds "7"]
[EventCountry "FIN"]
[SourceTitle "EXT 2022"]
[Source "ChessBase"]
[SourceDate "2021.10.06"]
[SourceVersion "1"]
[SourceVersionDate "2021.10.06"]
[SourceQuality "1"]
[WhiteTeam "Turku SY"]
[BlackTeam "Turku TS II"]
[WhiteTeamCountry "FIN"]
[BlackTeamCountry "FIN"]

1. Nf3 Nf6 2. g3 c5 3. Bg2 g6 4. b3 Bg7 5. Bb2 0-0 6. 0-0 Nc6 7. d3 d6 8. Nbd2 Qc7 9. e4 e5 10. a4 Ne8 11. Nh4 Be6 12. f4 f5 13. exf5 gxf5 14. Qe2 Nd4 15. Bxd4 cxd4 16. Ndf3 e4 17. Ng5 Bd5 18. dxe4 d3 19. Qxd3 Qc5+ 20. Kh1 h6 21. exd5 hxg5 22. Ng6 Bxa1 23. Nxf8 1-0